000 00452nam a2200181Ia 4500
001 5267
005 20260306145855.0
008 260306t2010||||xx |||||||||||||| ||spa||
041 _aESP
082 _a338.5
_bC78 T. 1
100 _aCorchuelo Martínez-Azúa, María Beatriz
_eAUT
245 0 _aAnálisis microeconómico I
260 _c2010
300 _axi, 248 páginas :
_c24 cm.
650 _aGEN
654 _aCAN
942 _cLIB
_dJUS
_fJUS
_2ddc
_n
999 _c5267
_d5267